|
|
|
|
| LEADER |
01738nam a2200409 4500 |
| 001 |
ocn647064871 |
| 003 |
OCoLC |
| 005 |
20180501121927.0 |
| 006 |
m o d |
| 007 |
cr mnu---uuaaa |
| 008 |
100215s2010 ne af ob 001 0 eng |
| 040 |
|
|
|a AU@
|b eng
|e pn
|c AU@
|d HNK
|d CDX
|d OCLCQ
|d OPELS
|d OCLCF
|d OCLCO
|d OCLCQ
|d DEBBG
|d GrThAP
|
| 020 |
|
|
|a 9780123810052
|q (electronic bk.)
|
| 020 |
|
|
|a 0123810051
|q (electronic bk.)
|
| 035 |
|
|
|a (OCoLC)647064871
|
| 050 |
|
4 |
|a QP601
|b .S77 2010
|
| 082 |
0 |
4 |
|a 612.0151
|2 22
|
| 049 |
|
|
|a TEFA
|
| 245 |
0 |
0 |
|a Structure, function and regulation of Tor complexes from yeasts to mammals.
|n Part B /
|c edited by Michael N. Hall, Fuyuhiko Tamanoi.
|
| 250 |
|
|
|a 1st ed.
|
| 260 |
|
|
|a Amsterdam :
|b Elsevier/Academic Press,
|c 2010.
|
| 300 |
|
|
|a 1 online resource :
|b illustrations (some color).
|
| 336 |
|
|
|a text
|b txt
|2 rdacontent
|
| 337 |
|
|
|a computer
|b c
|2 rdamedia
|
| 338 |
|
|
|a online resource
|b cr
|2 rdacarrier
|
| 490 |
1 |
|
|a Enzymes,
|x 1874-6047 ;
|v v. 27
|
| 504 |
|
|
|a Includes bibliographical references and indexes.
|
| 520 |
|
|
|a This volume of The Enzymes features high-caliber thematic articles on the topic of glycosylphopshatidylinositol (GPI) anchoring of proteins. * Contributions from leading authorities * Informs and updates on all the latest developments in the field.
|
| 650 |
|
0 |
|a Rapamycin.
|
| 650 |
|
0 |
|a Immunosuppressive agents.
|
| 650 |
|
7 |
|a Immunosuppressive agents.
|2 fast
|0 (OCoLC)fst00968037
|
| 650 |
|
7 |
|a Rapamycin.
|2 fast
|0 (OCoLC)fst01089963
|
| 655 |
|
4 |
|a Electronic books.
|
| 700 |
1 |
|
|a Hall, Michael N.
|
| 700 |
1 |
|
|a Tamanoi, Fuyuhiko.
|
| 830 |
|
0 |
|a Enzymes ;
|v v. 28.
|
| 856 |
4 |
0 |
|u https://www.sciencedirect.com/science/bookseries/18746047/28
|z Full Text via HEAL-Link
|